| 000 | 00382nam a22001337u 4500 | ||
|---|---|---|---|
| 008 | 130405s1987 xxu||||| |||| 00| 0 spa d | ||
| 041 | _aspa | ||
| 245 | 0 | 0 |
_aEconomia social y empleo _b:Ley General de Cooperativas(Texto y comentarios) |
| 260 |
_aMadrid: _bCaritas EspaƱola, _c1987 |
||
| 300 |
_a356 p. _c;20 cm. |
||
| 650 | 0 | 4 |
_aMovimiento Obrero _914570 |
| 942 | _cBK | ||
| 001 | 43927 | ||
| 999 |
_c291429 _d291429 |
||